[Event "Moscow ol (Men)"]
[Site "Moscow"]
[Date "1994.??.??"]
[Round "11"]
[White "Mannion, Stephen R"]
[Black "Arduman, Can"]
[Result "1/2-1/2"]
[WhiteElo "2355"]
[BlackElo "2365"]

1.e4 g6 2.d4 Bg7 3.Nc3 c6 4.Be3 d5 5.Qd2 dxe4 6.Nxe4 Nd7 7.O-O-O Ngf6 8.Ng3 Nb6
9.Bh6 Bxh6 10.Qxh6 Qd5 11.Kb1 Be6 12.b3 Qa5 13.Qd2 Qxd2 14.Rxd2 a5 15.Nf3 h6
16.Bd3 Nbd5 17.Re1 Nf4 18.Bf1 O-O 19.Ne4 Nxe4 20.Rxe4 Nd5 21.Re1 a4 22.c4 Nc7
23.Kb2 b5 24.cxb5 cxb5 25.d5 Nxd5 26.Nd4 Bd7 27.Bxb5 Bxb5 28.Nxb5 e6 29.Rc1 axb3
30.axb3 Ra5 31.Nc3 Nf6 32.Rcd1 Raa8 33.Rd4 Rab8 34.b4 Rfe8 35.Kb3 Kg7 36.b5 Rec8
37.Rb4 Rc5 38.Rdd4 Nd5 39.Nxd5 exd5 40.b6 Rc6 41.Rxd5 Rbxb6 42.Rxb6 Rxb6+
43.Kc3 Rb1 44.h4 Rh1 45.g3 Rh2 46.Rd2 f5 47.Kd3 f4 48.Ke4 fxg3 49.Rd7+ Kf6
50.fxg3 h5  1/2-1/2

[Event "Moscow ol (Women)"]
[Site "Moscow"]
[Date "1994.??.??"]
[Round "11"]
[White "Horvath, Maria"]
[Black "Sabirova, Sophia"]
[Result "0-1"]
[WhiteElo "2045"]
[BlackElo "2090"]

1.d4 g6 2.e4 Bg7 3.Nc3 c6 4.a4 d5 5.exd5 cxd5 6.h3 Nc6 7.Nf3 Bf5 8.Bb5 Rc8
9.O-O Nf6 10.Re1 O-O 11.Bxc6 Rxc6 12.Ne5 Rc8 13.f3 Ne8 14.Ra3 Be6 15.Rb3 Nd6
16.Nb5 Nc4 17.f4 a6 18.Nc3 Na5 19.Ra3 Qb6 20.Kh2 Rfd8 21.Ne2 Nc4 22.Rb3 Qc7
23.Rc3 Qa5 24.Nd3 Bf5 25.b3 Nd6 26.Rxc8 Rxc8 27.Bd2 Qc7 28.Nc5 Bxd4 29.Nxa6 Qxc2
30.Nxd4 Qxd1 31.Rxd1 bxa6 32.Bb4 Be4 33.Bxd6 exd6 34.Rd2 Kf8 35.Kg3 Rc1 36.Kf2 Rb1
37.Ke3 Ke8 38.Kf2 Kd7 39.Kg3 h6 40.Kh4 Kc7 41.f5 Kb6 42.fxg6 fxg6 43.g4 Kc5
44.g5 hxg5+ 45.Kxg5 Kb4 46.Ne6 Rxb3 47.Nc7 Rxh3 48.Kf6 Kxa4 49.Nxd5 Rd3 50.Nb6+ Kb3
51.Re2 Bf5 52.Re8 a5 53.Ra8 Kb4 54.Ke7 Rd1 55.Rb8 a4 56.Nd5+ Kc5 57.Nc3 Re1+
58.Kf6 a3 59.Ra8 Kc4 60.Rxa3 Kb4  0-1

[Event "Moscow ol (Women)"]
[Site "Moscow"]
[Date "1994.??.??"]
[Round "11"]
[White "Thipsay, Bagyashree Sathe"]
[Black "Kachiani Gersinska, Ketino"]
[Result "1/2-1/2"]
[WhiteElo "2210"]
[BlackElo "2410"]

1.e4 g6 2.d4 Bg7 3.Nc3 c6 4.Bc4 d6 5.Qf3 e6 6.Nge2 Nd7 7.Bb3 Ngf6 8.O-O O-O
9.Bg5 Qa5 10.Qg3 b5 11.a3 Qc7 12.Qh4 Ba6 13.Rfe1 c5 14.Rad1 Rfc8 15.Kh1  1/2-1/2

[Event "Moscow ol (Women)"]
[Site "Moscow"]
[Date "1994.??.??"]
[Round "12"]
[White "Connolly, Suzanne"]
[Black "Ostry, Irina"]
[Result "1/2-1/2"]
[WhiteElo "2035"]
[BlackElo "2235"]

1.e4 g6 2.d4 Bg7 3.Nc3 c6 4.Nf3 d5 5.Be2 dxe4 6.Nxe4 Nd7 7.O-O Ngf6 8.Nxf6+ Nxf6
9.c3 O-O 10.Ne5 Be6 11.Bc4 Bxc4 12.Nxc4 Nd7 13.Bf4 b5 14.Ne5 Nxe5 15.Bxe5 Bxe5  1/2-1/2

[Event "Moscow ol (Women)"]
[Site "Moscow"]
[Date "1994.??.??"]
[Round "12"]
[White "Licina, Anita"]
[Black "Safranska, Anda"]
[Result "0-1"]
[WhiteElo "2195"]
[BlackElo "2305"]

1.e4 g6 2.d4 Bg7 3.Nc3 c6 4.Nf3 d5 5.h3 Nh6 6.Bd3 O-O 7.O-O f6 8.Re1 Nf7
9.Ne2 e5 10.dxe5 fxe5 11.c3 Nd7 12.Ng3 b6 13.Bc2 Bb7 14.Be3 a5 15.a4 Kh8
16.Qd2 Nc5 17.Rad1 Qc7 18.Ng5 Nxg5 19.Bxg5 Ne6 20.Bh6 Bxh6 21.Qxh6 Qf7 22.Qd2 d4
23.Bb3 c5 24.Bd5 Rad8 25.c4 Bc8 26.Rf1 Qf6 27.Ne2 Qh4 28.Qc2 Ng5 29.Rd3 Rf6
30.Rg3 Rdf8 31.Qd3 Bd7 32.b3 Kg7 33.Bb7 h5 34.Bd5 Bc8 35.Kh2 Rxf2 36.Rxf2 Rxf2
37.Ng1 Qf4 38.h4 Qxh4+ 39.Nh3 Nxh3 40.Rxh3 Bxh3  0-1

[Event "Moscow ol (Men)"]
[Site "Moscow"]
[Date "1994.??.??"]
[Round "13"]
[White "Peng Xiaomin"]
[Black "Iordachescu, Viorel"]
[Result "1-0"]
[WhiteElo "2480"]
[BlackElo "2435"]

1.e4 g6 2.d4 Bg7 3.Nc3 c6 4.Nf3 d6 5.a4 Nf6 6.a5 O-O 7.Be2 d5 8.e5 Ne4 9.Bd3 Nxc3
10.bxc3 c5 11.h4 Bg4 12.h5 e6 13.Be3 f5 14.hxg6 hxg6 15.Qd2 Bxf3 16.gxf3 Nc6
17.Bh6 Qe7 18.Bb5 Nd8 19.Rg1 Kf7 20.Bg5 Qc7 21.a6 cxd4 22.cxd4 bxa6 23.Bxa6 Nc6
24.Kf1 Rab8 25.c4 Nxd4 26.Qxd4 Bxe5 27.Qd1 dxc4 28.Ra4 Rb2 29.Bxc4 Rfb8 30.Kg2 Rh8
31.Rh1 Rxh1 32.Qxh1 Qb6 33.Qh7+ Bg7 34.Bxe6+ Kxe6 35.Qxg6+ Kd5 36.Qf7+ Kc6
37.Rc4+ Kd6 38.Be7+  1-0

[Event "New York op"]
[Site "New York"]
[Date "1994.??.??"]
[Round "1"]
[White "Resika, Nathan A"]
[Black "Lobron, Eric"]
[Result "0-1"]
[WhiteElo "2250"]
[BlackElo "2570"]

1.e4 g6 2.d4 Bg7 3.Nc3 c6 4.Nf3 d5 5.Be2 Nh6 6.h3 f6 7.O-O Nf7 8.Re1 O-O
9.Be3 e6 10.Qd2 Nd7 11.a4 a5 12.Rad1 Re8 13.Qc1 Nf8 14.Bf1 b6 15.exd5 exd5
16.g3 Ra7 17.Bg2 Rae7 18.Qd2 Nd6 19.b3 g5 20.h4 h6 21.hxg5 hxg5 22.Qc1 Bg4
23.Qd2 Qd7 24.Rb1 Ng6 25.Nh2 Bh3 26.f3 Be6 27.Bf2 Bf8 28.Qd3 Bf5 29.Qd2 Rh7
30.Rxe8 Nxe8 31.g4 Bd6 32.Nf1 Be6 33.Ne2 Ng7 34.Nfg3 Bf7 35.c3 Nh4 36.b4 Bg6
37.Rb2 Nxg2 38.Kxg2 Ne6 39.bxa5 bxa5 40.Nf1 Nf4+ 41.Nxf4 gxf4 42.c4 Qxg4+  0-1

[Event "NLD-ch op"]
[Site "?"]
[Date "1994.??.??"]
[Round "?"]
[White "Ziatdinov, Raset"]
[Black "Hodgson, Julian M"]
[Result "0-1"]
[WhiteElo "2410"]
[BlackElo "2580"]

1.e4 g6 2.d4 Bg7 3.Nc3 c6 4.Nf3 d5 5.e5 Bg4 6.Be2 Bxf3 7.Bxf3 e6 8.O-O Nd7
9.Bf4 Ne7 10.Qd2 c5 11.dxc5 O-O 12.Nb5 a6 13.Nd6 Nxe5 14.Be2 b6 15.b4 bxc5
16.Nb7 Qc8 17.Nxc5 a5 18.c3 axb4 19.cxb4 Nc4 20.Bxc4 dxc4 21.Rac1 c3 22.Qe2 Nd5
23.Be5 Rxa2 24.Qxa2 Bxe5 25.Qc4 Qc6 26.Qe4 Bg7 27.Rb1 Rc8 28.Rfc1 Bf8 29.Nd3 Qb5
30.g3 c2 31.Rb2 Nc3 32.Qe1 Qxd3 33.Rcxc2 Bxb4 34.Qf1 Qxf1+ 35.Kxf1 Bf8 36.Rb7 Bg7
37.Rd7 Rb8 38.Rcd2 Nd5 39.Ra2 Bd4 40.Rd2 Rb4 41.Rd3 Kg7 42.h3 h5 43.Kg2 h4  0-1

[Event "NLD-chT9495"]
[Site "?"]
[Date "1994.??.??"]
[Round "3"]
[White "Tjiam, Dharma"]
[Black "Ree, Hans"]
[Result "0-1"]
[WhiteElo "2285"]
[BlackElo "2440"]

1.d4 g6 2.e4 Bg7 3.Nc3 c6 4.Be3 d5 5.f3 Qb6 6.Qd2 Qxb2 7.Rb1 Qa3 8.exd5 Nf6
9.dxc6 bxc6 10.Bc4 Ba6 11.Bb3 O-O 12.Nge2 Nbd7 13.O-O c5 14.Rfe1 Rac8 15.d5 Nb6
16.Ba4 Bc4 17.Bb3 Bxe2 18.Qxe2 c4 19.Nb5 Qa6 20.Nxa7 Rc7 21.Ba4 Nxa4  0-1

[Event "NLD-chT9495"]
[Site "?"]
[Date "1994.??.??"]
[Round "8"]
[White "Cifuentes Parada, Roberto"]
[Black "Gelpke, Peter"]
[Result "1-0"]
[WhiteElo "2500"]
[BlackElo "2405"]

1.d4 g6 2.e4 Bg7 3.Nc3 c6 4.Nf3 d5 5.h3 Nh6 6.Bf4 f6 7.Qd2 Nf7 8.O-O-O O-O
9.h4 Bg4 10.Be2 e6 11.Ng1 Bxe2 12.Qxe2 Re8 13.Nf3 Nd7 14.Kb1 a6 15.g4 b5
16.g5 b4 17.Na4 e5 18.gxf6 exf4 19.fxg7 Rxe4 20.Qd2 Qa5 21.b3 Qb5 22.Ng5 Nxg5
23.hxg5 Kxg7 24.f3 Re3 25.Qh2 Nf8 26.Qxf4 Rae8 27.Nc5 R3e7 28.Qf6+ Kg8 29.f4 a5
30.Rdf1 Rf7 31.Qd6 Qb6 32.Re1 Rd8 33.Qe5 Qb8 34.Nd3 Qd6 35.Qe3 Nd7 36.Ne5 Nxe5
37.fxe5 Qe6 38.Qd3 Rf5 39.Rhg1 Ra8 40.Ref1 Raf8 41.Rxf5 Qxf5 42.Qa6 Qf2 43.Rd1 Qf3
44.Rc1 Qc3 45.e6 Re8 46.Qb7  1-0

[Event "BCF-ch"]
[Site "Norwich"]
[Date "1994.??.??"]
[Round "7"]
[White "Stephenson, F Norman"]
[Black "Webster, Andrew"]
[Result "0-1"]
[WhiteElo "2245"]
[BlackElo "2395"]

1.e4 g6 2.d4 Bg7 3.Nc3 c6 4.Bc4 d6 5.Qf3 e6 6.Bf4 Nd7 7.O-O-O Qe7 8.Qg3 e5
9.Bg5 Ngf6 10.f4 h6 11.Bxf6 Nxf6 12.dxe5 dxe5 13.f5 b5 14.Bd3 g5 15.Nf3 Nh5
16.Qf2 g4 17.Nd2 Nf4 18.Nb3 a5 19.g3 Nh3 20.Qe2 O-O 21.Rhf1 h5 22.Bxb5 cxb5
23.Nd5 Qa7 24.f6 Bh6+ 25.Kb1 b4 26.Ne7+ Kh7 27.Nxc8 Rfxc8 28.Rf5 a4 29.Nc1 b3
30.c3 bxa2+ 31.Nxa2 a3 32.b4 Kg6 33.Rxe5 Qf2 34.Qxf2 Nxf2 35.Rdd5 Re8 36.Rxh5 Nxe4
37.Rhf5 Nxf6 38.Rb5 Re1+ 39.Kc2 Re2+ 40.Kb1 Rae8  0-1

[Event "CZE-ch (Women)"]
[Site "Nymburk"]
[Date "1994.??.??"]
[Round "8"]
[White "Muzikantova, Vladimira"]
[Black "Hallerova, Eva"]
[Result "1-0"]
[WhiteElo "2000"]
[BlackElo "2225"]

1.e4 g6 2.d4 Bg7 3.Nc3 c6 4.Be3 d5 5.e5 h5 6.h4 Nh6 7.Bd3 Bg4 8.Qd2 Nd7 9.Nge2 Qc7
10.Nf4 e6 11.O-O Bf5 12.Be2 Ng4 13.a4 Nxe3 14.fxe3 Bh6 15.Bd3 O-O-O 16.e4 Bg4
17.Qf2 Rdg8 18.Ra3 g5 19.hxg5 Bxg5 20.Nb5 Qa5 21.Nd6+ Kb8 22.exd5 Rg7 23.dxc6 bxc6
24.Rb3+ Nb6 25.Nc4 Qxa4 26.Nxb6 axb6 27.Rxb6+ Kc7 28.Ra6 Qb4 29.Ra7+ Kb6
30.Rfa1  1-0

[Event "CZE-ch (Women)"]
[Site "Nymburk"]
[Date "1994.??.??"]
[Round "9"]
[White "Krupkova, Petra"]
[Black "Halkova, Eva"]
[Result "1-0"]
[WhiteElo "2235"]
[BlackElo "2000"]

1.e4 g6 2.d4 Bg7 3.Nc3 c6 4.h3 d5 5.e5 h5 6.Nf3 Nh6 7.Be2 b6 8.Bg5 Qc7 9.Qd2 e6
10.O-O-O Ba6 11.Bxa6 Nxa6 12.g4 Kd7 13.Rdg1 Ng8 14.Kb1 Rf8 15.Nh4 Kc8 16.f4 Ne7
17.f5 exf5 18.gxf5 Nxf5 19.Nxf5 gxf5 20.Qd3 Kb7 21.Qxf5 Nb8 22.a3 Qd7 23.Qf3 Qe6
24.Bh4 Rh7 25.Rg2 f6 26.Qd3 Rfh8 27.Rhg1 Qf7 28.Qf5  1-0

[Event "Orange op"]
[Site "Orange"]
[Date "1994.??.??"]
[Round "4"]
[White "Faber, Hugo"]
[Black "Carlier, Bruno"]
[Result "0-1"]
[WhiteElo "2070"]
[BlackElo "2355"]

1.e4 g6 2.d4 Bg7 3.Nc3 c6 4.f4 d5 5.e5 Nh6 6.Nf3 Bg4 7.Be3 f6 8.Be2 Nf5 9.Bf2 Bxf3
10.Bxf3 fxe5 11.dxe5 e6 12.O-O O-O 13.g3 Nd7 14.Qe2 g5 15.Kh1 Kh8 16.Bg4 Qe7
17.Nd1 gxf4 18.gxf4 Nh6  0-1

[Event "Orange op"]
[Site "Orange"]
[Date "1994.??.??"]
[Round "6"]
[White "Guadalpi, David"]
[Black "Carlier, Bruno"]
[Result "0-1"]
[WhiteElo "2235"]
[BlackElo "2355"]

1.e4 g6 2.d4 Bg7 3.Nc3 c6 4.Bc4 d6 5.Qf3 e6 6.Nge2 Nd7 7.Bb3 Ngf6 8.O-O O-O
9.Bg5 h6 10.Bh4 e5 11.Qe3 exd4 12.Nxd4 Nc5 13.Rad1 Re8 14.f3 Nxb3 15.Nxb3 Ng4
16.Qe1 Qb6+ 17.Kh1 Ne5 18.Bf2 Qc7 19.Bd4 b5 20.f4 Nc4 21.Bxg7 Kxg7 22.f5 b4
23.Rd4 d5 24.fxg6 fxg6 25.Na4 Bf5 26.Nac5 a5 27.Qf2 Bxe4 28.Nxe4 Rxe4 29.Nc5 Re7
30.Qf6+ Kh7 31.Rg4 Ne5 32.Rgf4 Rae8 33.h4 h5 34.Qg5 Nf7 35.Qg3 Nh6 36.Ne6 Nf5  0-1

[Event "Orange op"]
[Site "Orange"]
[Date "1994.??.??"]
[Round "9"]
[White "Olivier, Jean Christophe"]
[Black "Carlier, Bruno"]
[Result "1-0"]
[WhiteElo "2310"]
[BlackElo "2355"]

1.e4 g6 2.d4 Bg7 3.Nc3 c6 4.f4 d6 5.Be3 Qb6 6.Rb1 f5 7.Qd2 fxe4 8.Nxe4 Nh6
9.Nf3 Nd7 10.Neg5 Nf6 11.Bc4 d5 12.Bd3 Nf5 13.Ne5 Nd7 14.Bf2 Nxe5 15.dxe5 Qc7
16.g4 Nh6 17.h3 Nf7 18.Nxf7 Kxf7 19.O-O h5 20.Qe2 hxg4 21.hxg4 Bd7 22.e6+ Bxe6
23.Bxg6+ Kxg6 24.Qxe6+ Bf6 25.Bg3 Qc8 26.f5+ Kg7 27.Qe3 Kf7 28.g5 Bg7 29.g6+ Kf8
30.Be5 Bf6 31.Bxf6 exf6 32.g7+ Kxg7 33.Qe7+ Kg8 34.Rf2 Rh5 35.Qxf6 Qe8 36.Rg2+ Kh7
37.Qg7+  1-0

[Event "Orel"]
[Site "Orel"]
[Date "1994.??.??"]
[Round "3"]
[White "Yagupov, Igor"]
[Black "Komliakov, Viktor"]
[Result "1/2-1/2"]
[WhiteElo "2430"]
[BlackElo "2445"]

1.e4 g6 2.d4 Bg7 3.Nc3 c6 4.Bc4 d6 5.Qf3 e6 6.Nge2 Nf6 7.O-O Nbd7 8.Bb3 O-O
9.Qg3 e5 10.Qh4 exd4 11.Nxd4 Nc5 12.Re1 Ng4 13.Bg5 Qb6 14.Nf3 Nxb3 15.axb3 f6
16.Bc1 Ne5 17.Qg3 f5 18.Bf4 fxe4 19.Nxe5 dxe5 20.Be3 Qc7 21.Nxe4 b6 22.Qh4 Bf5
23.Bg5 Bxe4 24.Rxe4 Rf7 25.Rae1 Qd7 26.f3 Qd5 27.R1e2 Qd1+ 28.Qe1 Qxe1+ 29.Rxe1 Rd7
30.R1e2 Rd4 31.Kf2 a5 32.Bd2 a4 33.Bc3 Rxe4 34.Rxe4 axb3 35.cxb3 Rd8 36.Ra4 b5
37.Re4 Rd5 38.Re1 c5 39.b4 cxb4 40.Bxb4 Bf8 41.Bc3 Bc5+ 42.Ke2 Kf7 43.Ra1 b4
44.Be1 Bd4 45.Bxb4 Bxb2 46.Ra7+ Kg8 47.Rb7 h5 48.h3 Bc1 49.Rc7 Bg5 50.g3 h4
51.gxh4 Bxh4 52.Be7 Bxe7 53.Rxe7 Kf8 54.Ra7 Rd4 55.Kf2 Rd3 56.h4 Rb3 57.Ra5 e4
58.fxe4 Rh3 59.Ra7 Rxh4 60.Ke3 g5  1/2-1/2

[Event "Oslo op"]
[Site "Oslo"]
[Date "1994.??.??"]
[Round "7"]
[White "Klinova, Masha"]
[Black "Petursson, Margeir"]
[Result "1/2-1/2"]
[WhiteElo "2280"]
[BlackElo "2550"]

1.e4 g6 2.d4 Bg7 3.Nc3 c6 4.f4 d5 5.e5 h5 6.Be3 Nh6 7.h3 Nf5 8.Bf2 e6 9.Nf3 Bf8
10.Bd3 b6 11.Ne2 Ba6 12.O-O Be7 13.b3 Bxd3 14.Qxd3 h4 15.c4 O-O 16.Kh2 Kg7
17.Rg1 Rh8 18.g4 hxg3+ 19.Nxg3 Nh6 20.f5 exf5 21.Nxf5+ Nxf5 22.Qxf5 Nd7 23.e6 Bd6+
24.Ne5 Qf6 25.Qxf6+ Nxf6 26.exf7 Ne4 27.Rxg6+ Kf8 28.Rxd6 Nxd6 29.Ng6+ Kxf7
30.Nxh8+ Rxh8 31.cxd5 cxd5 32.Bg3 Nf5 33.Rc1 Kg6 34.Be5 Rh4 35.Rg1+ Kh5 36.Rg8 Re4
37.Rh8+ Kg6 38.Rg8+ Kh5 39.Rh8+ Kg6 40.Rg8+ Kf7 41.Rg4 Re2+ 42.Rg2 Re3 43.Rg1 Re2+
44.Rg2 Re3 45.Rg5 Re2+ 46.Rg2  1/2-1/2

[Event "Paris APSAP"]
[Site "Paris"]
[Date "1994.??.??"]
[Round "2"]
[White "Murrey, Jacob"]
[Black "Minasian, Artashes"]
[Result "1-0"]
[WhiteElo "2495"]
[BlackElo "2525"]

1.e4 g6 2.d4 Bg7 3.Nc3 c6 4.Bc4 d6 5.Qf3 e6 6.Bf4 Qe7 7.O-O-O Nd7 8.h4 Ngf6
9.Bb3 e5 10.Be3 Nf8 11.dxe5 dxe5 12.Qg3 Nh5 13.Qh2 Ne6 14.Nge2 Nc5 15.f3 Nxb3+
16.axb3 Nf6 17.Qg1 b6 18.g4 h5 19.Bg5 Qc7 20.gxh5 Nxh5 21.Rd8+ Qxd8 22.Bxd8 Kxd8
23.b4 Be6 24.b5 c5 25.Qd1+ Ke7 26.Nd5+ Bxd5 27.Qxd5 Rad8 28.Qc4 Rd7 29.Nc3 Nf4
30.Rd1 Rxd1+ 31.Nxd1 Rd8 32.Ne3 Bf6 33.Qa4 Rd7 34.b4 Bxh4 35.bxc5 Bf2 36.Nd5+ Nxd5
37.exd5 Bxc5 38.Qh4+ Kd6 39.Qf6+ Kc7 40.Qxe5+ Bd6 41.Qc3+ Kd8 42.Qf6+ Ke8
43.c4 Bc5 44.Kd2 Rd6 45.Qh8+ Ke7 46.Qb8 Rd7 47.Qe5+ Kf8 48.Kd3 Bd6 49.Qh8+ Ke7
50.Ke3 Rc7 51.Qh4+ Ke8 52.Kf2 Rd7 53.Kg2 Kf8 54.Qh8+ Ke7 55.Kh3 Bc5 56.Qe5+ Kf8
57.Kg4 Rd6 58.Qh8+ Ke7 59.Qb8 Rd7 60.Qe5+ Kd8 61.Qh8+ Ke7 62.Kg5 Bd6 63.f4 Rd8
64.Qf6+ Ke8 65.Kh6 Rd7 66.Kh7 Rd8 67.Kg7 Rd7 68.Kg8 Bc5 69.Qe5+ Be7 70.Qb8+ Bd8
71.Kg7 Rc7 72.Qa8 Kd7 73.Kxf7 g5 74.f5 g4 75.d6 Rc5 76.Qe4 Kxd6 77.Qxg4 Rc7+
78.Ke8  1-0

[Event "Paris"]
[Site "Paris"]
[Date "1994.??.??"]
[Round "3"]
[White "Prie, Eric"]
[Black "Minasian, Artashes"]
[Result "1-0"]
[WhiteElo "2475"]
[BlackElo "2545"]

1.e4 g6 2.d4 Bg7 3.Nc3 c6 4.f4 d5 5.e5 Nh6 6.Nf3 Bg4 7.h3 Bxf3 8.Qxf3 f6
9.Bd3 fxe5 10.fxe5 Rf8 11.Bxg6+ hxg6 12.Qg3 Kf7 13.O-O+ Nf5 14.Qg5 e6 15.g4 Qxg5
16.Bxg5 c5 17.Nb5 cxd4 18.Nd6+ Kg8 19.gxf5 gxf5 20.Be7 Nc6 21.Bxf8 Rxf8 22.Nxb7 Bxe5
23.Rf3 Kf7 24.Re1 Rg8+ 25.Kf1 Bg3 26.Re2 f4 27.Ra3 Kf6 28.Nc5 Ne5 29.Ra6 Re8
30.Rd2 Nc4 31.Rxd4 Ne3+ 32.Ke2 Kf5 33.c3 e5 34.Rb4 e4 35.Rb7 Nc4 36.Rf7+ Kg5
37.Ne6+ Rxe6 38.Rxe6 f3+ 39.Kf1 Ne3+ 40.Kg1 Nf5 41.c4 Nd6 42.Rg7+ Kf5 43.cxd5 Be5
44.Rd7 Bd4+ 45.Kf1 Nc4 46.Rf7+ Kg5 47.h4+ Kh5 48.Rf5+ Kg4 49.Rxe4+ Kxf5 50.Rxd4 Nd6
51.Kf2  1-0

[Event "Paris op"]
[Site "Paris"]
[Date "1994.??.??"]
[Round "5"]
[White "Demarre, Jacques"]
[Black "Bricard, Emmanuel"]
[Result "0-1"]
[WhiteElo "2270"]
[BlackElo "2465"]

1.e4 g6 2.d4 Bg7 3.Nc3 c6 4.Bc4 d6 5.Qf3 Nf6 6.e5 dxe5 7.dxe5 Nd5 8.Nxd5 cxd5
9.Bxd5 O-O 10.Bf4 Qa5+ 11.Bd2 Qc7 12.Bc3 e6 13.Bb3 Nc6 14.h4 b5 15.a3 h5
16.Qe3 Nxe5 17.Qg3 Bb7 18.Ne2 Rfd8 19.O-O Qc5 20.Nf4 Re8 21.Rad1 Nc4 22.Bxg7 Kxg7
23.Rd7 Be4 24.Re1 Bf5 25.Qg5 Qf8 26.Nxh5+ Kh8 27.Ng3 f6 28.Qf4 e5 29.Qf3 Bxd7
30.h5 Qg7 31.Rd1 Rad8 32.hxg6 Qxg6 33.Bxc4 bxc4 34.Rd6 Re6 35.Nf5 Rxd6  0-1

[Event "Paris APSAP"]
[Site "Paris"]
[Date "1994.??.??"]
[Round "5"]
[White "Renet, Olivier"]
[Black "Bricard, Emmanuel"]
[Result "1-0"]
[WhiteElo "2530"]
[BlackElo "2475"]

1.e4 g6 2.d4 Bg7 3.Nc3 c6 4.Nf3 d5 5.h3 Nh6 6.Bf4 f6 7.exd5 cxd5 8.Nb5 O-O
9.Nc7 e5 10.Bxh6 Bxh6 11.Nxa8 e4 12.Nd2 f5 13.c3 Nc6 14.Qb3 Rf7 15.h4 Be6
16.h5 g5 17.g4 f4 18.O-O-O Bxg4 19.f3 exf3 20.Rg1 Be6 21.Nxf3 g4 22.Re1 Qf6
23.Bh3 Rg7 24.Nc7 gxh3 25.Rxg7+ Qxg7 26.Nxe6 Qg3 27.Qxd5 Kh8 28.Neg5  1-0

[Event "PER-sf"]
[Site "Peru"]
[Date "1994.??.??"]
[Round "1"]
[White "Aguilar, Juan"]
[Black "Miguel, Fernando"]
[Result "1/2-1/2"]
[WhiteElo "2305"]
[BlackElo "2270"]

1.e4 g6 2.d4 Bg7 3.Nc3 c6 4.Nf3 d6 5.Bc4 Nf6 6.Bb3 O-O 7.O-O Bg4 8.h3 Bxf3
9.Qxf3 Nbd7 10.Be3 Qc7 11.Qe2 c5 12.Rad1 Rac8 13.dxc5  1/2-1/2

[Event "World op"]
[Site "Philadelphia"]
[Date "1994.??.??"]
[Round "?"]
[White "Fang, Joseph"]
[Black "Ivanov, Alexander"]
[Result "1/2-1/2"]
[WhiteElo "2400"]
[BlackElo "2555"]

1.d4 g6 2.e4 Bg7 3.Nc3 c6 4.Nf3 d6 5.Be2 Bg4 6.O-O Qb6 7.Na4 Qc7 8.c4 e5
9.d5 Nf6 10.Nc3 O-O 11.Be3 Nbd7 12.Rc1 c5 13.a3 a6 14.Nd2 Bxe2 15.Qxe2 Kh8
16.b4 Rac8 17.Rc2 Ng8 18.Rb1 Bh6 19.Nd1 f5 20.bxc5 Nxc5 21.Bxc5 Qxc5 22.Rxb7 Bxd2
23.Qxd2 Rb8 24.Rxb8 Rxb8 25.exf5 gxf5 26.Qd3 Ne7 27.h3 Rb1 28.Rb2 Ra1 29.Rb3 Qd4
30.Qxd4 exd4 31.Rd3 Kg7 32.f4 Nc8 33.Kf2 Nb6 34.Nb2 Ra2 35.Rd2 Rxa3 36.Rxd4 Ra2
37.Rd2 a5 38.Ke2 a4 39.Nd3 Rxd2+ 40.Kxd2 Nxc4+ 41.Kc3 Ne3 42.Kb4 Nxd5+ 43.Kxa4 h5
44.g3 Kf6 45.Kb3 Ke6 46.Nf2 h4 47.Nh1 hxg3 48.Nxg3 Nxf4 49.h4 Ke5 50.h5 Ne6
51.h6 Ng5 52.Kc4 f4 53.Nh5 d5+ 54.Kd3 f3 55.Ke3 d4+ 56.Kd3 Nh7 57.Ng3 Nf6
58.Nf1 Kf5  1/2-1/2

[Event "Plock op rapid"]
[Site "Plock"]
[Date "1994.??.??"]
[Round "6"]
[White "Ebert, Wolfgang"]
[Black "Maciejewski, Andrzej"]
[Result "1/2-1/2"]
[WhiteElo "2270"]
[BlackElo "2350"]

1.e4 g6 2.d4 Bg7 3.Nc3 c6 4.Nf3 d6 5.Be2 Nf6 6.O-O O-O 7.a4 Nbd7 8.a5 e5
9.Re1 Qe7 10.Bf1 Re8 11.dxe5 dxe5 12.b3 Nh5 13.Ba3 Qf6 14.Nd2 Nf8 15.Qf3 Nf4
16.Kh1 N8e6 17.Rac1 b5 18.axb6 axb6 19.Nc4 Nd4 20.Qe3 b5 21.Nd6 Rd8 22.Nxc8 Rxa3
23.g3 Rxc8 24.gxf4 exf4 25.Qh3 Qe6 26.Ne2 Qxe4+ 27.Bg2 Qf5 28.Nxf4 Rca8  1/2-1/2

[Event "POR-chT"]
[Site "?"]
[Date "1994.??.??"]
[Round "?"]
[White "Costa, Jean Luc"]
[Black "Ferreira, Antonio"]
[Result "0-1"]
[WhiteElo "2400"]
[BlackElo "2315"]

1.e4 g6 2.d4 Bg7 3.Nc3 c6 4.Be3 d5 5.Qd2 dxe4 6.Nxe4 Nd7 7.Ne2 Ndf6 8.Nxf6+ Nxf6
9.Bh6 Ne4 10.Qe3 Qa5+ 11.c3 Bxh6 12.Qxh6 Qb6 13.b3 Nf6 14.Qf4 Be6 15.Ng3 c5
16.dxc5 Qxc5 17.Rc1 O-O 18.Be2 Qa5 19.Qd2 Rfd8 20.Qb2 h5 21.h4 Qe5 22.O-O Qf4
23.Rcd1 Qxh4 24.Bf3 Ng4 25.Rfe1 Rxd1 26.Rxd1 Qh2+ 27.Kf1 h4 28.Bxg4 Bxg4
29.Rd4 hxg3 30.Rxg4 Qh1+ 31.Ke2 Qxg2 32.Rxg3 Qe4+ 33.Re3 Qg4+ 34.Ke1 Rd8
35.Qc2 Qg5 36.Rg3 Qf4 37.Re3 e5 38.Rd3 Qe4+ 39.Kd2 Rxd3+ 40.Qxd3 Qxd3+ 41.Kxd3 f5
42.Kc4 Kf7 43.Kd5 e4 44.c4 Ke7 45.c5 a5 46.a3 g5 47.Ke5 g4 48.Kf4 Kd7 49.b4 axb4
50.axb4 Kc6 51.Kxf5 g3  0-1

[Event "EUCup Gr"]
[Site "Pula"]
[Date "1994.??.??"]
[Round "1"]
[White "Timoshenko, Georgy"]
[Black "Nevednichy, Vladislav"]
[Result "1-0"]
[WhiteElo "2520"]
[BlackElo "2480"]

1.e4 g6 2.d4 Bg7 3.Nc3 c6 4.Nf3 d6 5.Bc4 Nf6 6.Bb3 O-O 7.O-O a5 8.e5 Ne8
9.h3 dxe5 10.dxe5 Qxd1 11.Rxd1 Nc7 12.Ng5 e6 13.f4 b5 14.a4 b4 15.Nce4 Nd5
16.c4 bxc3 17.bxc3 h6 18.Nf3 Na6 19.c4 Ndb4 20.Be3 Rb8 21.Rab1 Bb7 22.Ba7 Ra8
23.Bb6 c5 24.Nxc5 Nxc5 25.Bxc5 Rfc8 26.Bd6 Be4 27.Rbc1 Nd3 28.Rxd3 Bxd3 29.c5 Rab8
30.Bxb8 Rxb8 31.Bc4 Be4 32.Nd2 Bc6 33.Bb5 Bb7 34.c6 Bc8 35.Nc4 Bf8 36.Nxa5  1-0

[Event "EUCup Gr"]
[Site "Pula"]
[Date "1994.??.??"]
[Round "3"]
[White "Frolov, Artur"]
[Black "Barczay, Laszlo"]
[Result "1-0"]
[WhiteElo "2525"]
[BlackElo "2380"]

1.e4 g6 2.d4 Bg7 3.Nc3 c6 4.h4 d5 5.e5 h5 6.Bf4 Nh6 7.Qd2 Qa5 8.Nf3 Na6 9.a3 Bg4
10.Ng5 f6 11.Bd3 fxg5 12.Bxg6+ Nf7 13.hxg5 Be6 14.O-O Qd8 15.Be3 Qd7 16.Qd3 c5
17.f4 c4 18.Qd2 Bf5 19.Bxf5 Qxf5 20.Nxd5 Rd8 21.Nc3 Nc7 22.Qe2 h4 23.Rad1 Nd5
24.Nxd5 Rxd5 25.Qxc4 e6 26.Qd3 Qg4 27.Rd2 h3 28.Qe2 Qh4 29.g4 b5 30.Kh2 Qh7
31.Rg1 Qe4 32.Rg3 Kd7 33.Qf3 Qxf3 34.Rxf3 Kc6 35.b3 Rdd8 36.c4 Rh4 37.Bf2 Nxe5
38.fxe5 Bxe5+ 39.Bg3  1-0

[Event "Rishon Le Ziyyon"]
[Site "Rishon Le Ziyyon"]
[Date "1994.??.??"]
[Round "7"]
[White "Liss, Eran"]
[Black "Kanstler, Boris"]
[Result "1/2-1/2"]
[WhiteElo "2480"]
[BlackElo "2430"]

1.e4 g6 2.d4 Bg7 3.Nc3 c6 4.Bc4 d6 5.Qf3 e6 6.Nge2 b5 7.Bd3 e5 8.Be3 Nf6
9.dxe5 dxe5 10.Rd1 Nbd7 11.Nc1 O-O 12.Nb3 Qc7 13.h3 a6 14.Nc5 Nxc5 15.Bxc5 Rd8
16.O-O Nd7 17.Be3 Nf8 18.Ne2 Ne6 19.c3 Bb7 20.Bc2 c5 21.Qg3 Rxd1 22.Rxd1 Rd8
23.Rxd8+ Qxd8 24.f3 Bf6 25.Qe1 Bg5 26.Qc1 h6 27.Kf2 c4 28.Ke1 Kg7  1/2-1/2

[Event "ROM-chT"]
[Site "ROM"]
[Date "1994.??.??"]
[Round "?"]
[White "Florean, Andrei"]
[Black "Sanduleac, Vasile"]
[Result "1/2-1/2"]
[WhiteElo "2220"]
[BlackElo "2300"]

1.e4 g6 2.d4 Bg7 3.Nc3 c6 4.Nf3 d5 5.Be3 Bg4 6.Be2 dxe4 7.Nxe4 Nh6 8.Ng3 O-O
9.h3 Bxf3 10.Bxf3 Nf5 11.Nxf5 Qa5+ 12.Qd2 Qxf5 13.O-O Na6 14.Rfd1 Rfd8 15.Qe2 Nc7
16.c4 h5 17.Rd2 e5 18.dxe5 Qxe5 19.Rad1 Ne6 20.Rxd8+ Rxd8 21.Rxd8+ Nxd8 22.b3 a6
23.g3  1/2-1/2

[Event "ROM-ch (Women)"]
[Site "ROM"]
[Date "1994.??.??"]
[Round "?"]
[White "Marin Ionescu, Luiza"]
[Black "Ionescu Brandis, Irina"]
[Result "0-1"]
[WhiteElo "2125"]
[BlackElo "2200"]

1.e4 g6 2.d4 Bg7 3.Nc3 c6 4.Be3 Qb6 5.Rb1 d6 6.Qd2 Nf6 7.f3 Qc7 8.Bd3 b5
9.Nge2 a6 10.Bh6 Bxh6 11.Qxh6 Nbd7 12.f4 e5 13.dxe5 dxe5 14.O-O Bb7 15.fxe5 Qxe5
16.Qf4 Qxf4 17.Rxf4 O-O 18.Ng3 Kg7 19.Rbf1 Rae8 20.a4 Re6 21.Nce2 Rd6 22.b4 h5
23.Nc3 Ne5 24.Nd1 Nfg4 25.Be2 Rd2 26.Nf2 Ne3 27.Rc1 Rxc2 28.Rxc2 Nxc2 29.axb5 cxb5
30.Nh3 Nd4 31.Kf2 Nxe2 32.Kxe2 Rc8 33.Ng5 Rc2+ 34.Kf1 Rb2 35.Ne2 Rb1+  0-1

[Event "ROM-chT"]
[Site "ROM"]
[Date "1994.??.??"]
[Round "?"]
[White "Tufa, Mihai"]
[Black "Nevednichy, Vladislav"]
[Result "0-1"]
[WhiteElo "2285"]
[BlackElo "2480"]

1.e4 g6 2.d4 Bg7 3.Nc3 c6 4.Bc4 d6 5.Nf3 Nf6 6.Bg5 O-O 7.Qd2 b5 8.Bd3 Bg4
9.Bh6 Bxf3 10.gxf3 e5 11.Ne2 a6 12.c3 Nbd7 13.Ng3 Bxh6 14.Qxh6 Kh8 15.h4 exd4
16.cxd4 Qb6 17.Qe3 c5 18.Ne2 Rae8 19.Bc2 cxd4 20.Qxd4 Qxd4 21.Nxd4 d5 22.O-O-O dxe4
23.fxe4 Nxe4 24.Bxe4 Rxe4 25.Nxb5 Ne5 26.Nc3 Rf4 27.Rd6 Rxf2 28.Rxa6 Nd3+
29.Kb1 Rxb2+ 30.Ka1 Rc2 31.Ne4 Rfc8 32.Rb1 Rc1 33.Rb6 Rxb1+ 34.Rxb1 f5 35.Ng5 h6
36.Nf3 f4 37.Rb3 Rc1+ 38.Rb1 Rc3 39.Rb3 Rxb3 40.axb3 Kg7 41.Kb1 Kf6 42.Kc2 Ne5
43.Nd4 g5 44.hxg5+ hxg5 45.Kd2 g4 46.b4 Kg5 47.Ke2 f3+ 48.Kf2 Kh4 49.b5 g3+
50.Kf1 g2+ 51.Kg1 Kg3 52.Nf5+ Kh3 53.Ne3 Nd3 54.Nxg2 fxg2 55.b6 Nc5  0-1